| 000 | 00636nam a2200253Ia 4500 | ||
|---|---|---|---|
| 008 | 181129s9999 xx 000 0 und d | ||
| 020 | _a9780241317693 | ||
| 050 | _a150 | ||
| 050 | _bH375 2018 | ||
| 100 | _aHemmings, Jo | ||
| 245 | 0 | _aHow psychology works : | |
| 245 | 0 | _bapplied psychology visually explained / | |
| 245 | 0 | _cby Jo Hemmings. | |
| 260 | _aLondon, England : | ||
| 260 | _bDorling Kindersley Limited, | ||
| 260 | _c2018 | ||
| 300 | _a255 pages : | ||
| 300 | _billustrations ; | ||
| 300 | _c24cm. | ||
| 650 | _aPsychology -- | ||
| 650 | _aPsychology. | ||
| 650 | _xPopular works. | ||
| 700 | _aTitle. | ||
| 999 |
_c360173 _d360173 |
||